Opening Day Lineups: Tampa Bay Rays - Statistics

General Stats
  • This quiz has been taken 460 times
    176 since last reset
  • The average score is 31 of 84
Answer Stats
# Starts Answer % Correct
8 Evan Longoria
88%
2 Wander Franco
84%
5 Yandy Díaz
84%
6 Brandon Lowe
80%
2 Josh Lowe
80%
1 Junior Caminero
68%
4 Randy Arozarena
68%
1 Blake Snell
64%
1 Carl Crawford
64%
5 Ben Zobrist
60%
2 Carlos Peña
60%
3 David Price
56%
8 Kevin Kiermaier
56%
4 Mike Zunino
56%
2 Shane McClanahan
56%
2 B.J. Upton
52%
4 Chris Archer
52%
1 Ji-man Choi
52%
1 Taylor Walls
52%
1 Tyler Glasnow
52%
1 Danny Jansen
48%
1 José Caballero
48%
3 Willy Adames
48%
3 Harold Ramirez
44%
1 Manny Ramírez
44%
2 Yunel Escobar
44%
2 Brad Miller
40%
1 Curtis Mead
40%
2 James Shields
40%
1 Ryan Pepiot
40%
1 Christian Bethancourt
36%
1 Dan Johnson
36%
1 Elliot Johnson
36%
2 Isaac Paredes
36%
3 James Loney
36%
2 Jose Siri
36%
1 Kelly Johnson
36%
2 Logan Morrison
36%
2 Sean Rodriguez
36%
1 Asdrúbal Cabrera
32%
2 Austin Meadows
32%
1 Christopher Morel
32%
5 Desmond Jennings
32%
1 Johnny Damon
32%
3 José Molina
32%
2 Logan Forsythe
32%
1 Mallex Smith
32%
1 Carlos Gómez
28%
1 Dioner Navarro
28%
1 Joey Wendle
28%
1 José Martínez
28%
2 Manuel Margot
28%
1 Manuel Margot
28%
1 Matt Duffy
28%
4 Matt Joyce
28%
1 Wilson Ramos
28%
2 Corey Dickerson
24%
1 David DeJesus
24%
1 Jason Bartlett
24%
2 John Jaso
24%
1 Tim Beckham
24%
1 Tommy Pham
24%
1 Wil Myers
24%
1 Charlie Morton
20%
1 Daniel Robertson
20%
1 Hunter Renfroe
20%
1 Jonny DeLuca
20%
1 Pat Burrell
20%
1 Richie Palacios
20%
1 Sam Fuld
20%
3 Steven Souza Jr.
20%
1 Zach Eflin
20%
1 Adeiny Hechavarría
16%
1 C.J. Cron
16%
1 Denard Span
16%
1 Derek Norris
16%
1 Mike Brosseau
16%
1 Reid Brignac
16%
1 René Pinto
16%
1 René Rivera
16%
2 Yoshi Tsutsugo
16%
1 Hank Conger
12%
1 Jeff Keppinger
12%
1 Rob Refsnyder
8%
No matching quizzes found
Score Distribution
Percent of People with Each Score
Percentile by Number Answered
Your Score History
You have not taken this quiz since the last reset